Investigación Acción Participativa : (Record no. 23389)

000 -CABECERA
fixed length control field 01328nam a22003257i 4500
003 - IDENTIFICADOR DEL NÚMERO DE CONTROL
control field AR-CdUCM
008 - DATOS DE LONGITUD FIJA--INFORMACIÓN GENERAL
fixed length control field 250903b20192019 pe||||| |||| 00| 0 spa d
040 ## - FUENTE DE LA CATALOGACIÓN
Agencia/entidad que catalogó originalmente la obra MUNICIPALIDAD PROVINCIAL DEL CUSCO
Entidad que transcribió la catalogación BIBLIOTECA MUNICIPAL DEL CUSCO
082 ## - NÚMERO DE LA CLASIFICACIÓN DECIMAL DEWEY
No. de Clasificación 372.985613 / C41
Notacion interna C41
100 ## - ENTRADA PRINCIPAL--NOMBRE DE PERSONA
Nombre Personal Ccoyori Espinoza, Silvia
245 ## - MENCIÓN DE TÍTULO
Título Investigación Acción Participativa :
Resto del título Una manera divertida para desarrollar los valores utilizando estrategias vivenciales /
260 ## - PUBLICACIÓN, DISTRIBUCIÓN, ETC.
Lugar de publicación, distribución, etc. Cusco :
Nombre de la editorial, distribuidor, etc. Autor-Editor
Fecha de publicación, distribución, etc. 2019
300 ## - DESCRIPCIÓN FÍSICA
Nº de Páginas Extensión 224 páginas. :
Dimensiones 20x15 cm.
500 ## - NOTA GENERAL
Bibliografía Páginas: 217-223
505 ## - NOTA DE CONTENIDO CON FORMATO
Nota de contenido formateada Presentación del problema -- Formulación de la guía de acción -- Realidad del distrito de Sicuani -- Toponimia -- Antecedentes de la investigación -- Valores en la comunidad - Valores emocionales -- Carencia de valores -- Concepto de solidaridad
650 ## - PUNTO DE ACCESO ADICIONAL DE MATERIA--TÉRMINO DE MATERIA
Descriptor Investigación
9 (RLIN) 1940
650 ## - PUNTO DE ACCESO ADICIONAL DE MATERIA--TÉRMINO DE MATERIA
Descriptor Problema
9 (RLIN) 21116
650 ## - PUNTO DE ACCESO ADICIONAL DE MATERIA--TÉRMINO DE MATERIA
Descriptor Diagnóstico
9 (RLIN) 22238
650 ## - PUNTO DE ACCESO ADICIONAL DE MATERIA--TÉRMINO DE MATERIA
Descriptor Valores
9 (RLIN) 5705
650 ## - PUNTO DE ACCESO ADICIONAL DE MATERIA--TÉRMINO DE MATERIA
Descriptor Ética
9 (RLIN) 1337
650 ## - PUNTO DE ACCESO ADICIONAL DE MATERIA--TÉRMINO DE MATERIA
Descriptor Solidaridad
9 (RLIN) 1043
650 ## - PUNTO DE ACCESO ADICIONAL DE MATERIA--TÉRMINO DE MATERIA
Descriptor Puntualidad
9 (RLIN) 51488
650 ## - PUNTO DE ACCESO ADICIONAL DE MATERIA--TÉRMINO DE MATERIA
Descriptor Fundamentos
9 (RLIN) 28176
700 ## - PUNTO DE ACCESO ADICIONAL--NOMBRE DE PERSONA
Nombre Personal Taype Mayta, Lizbeth Yamile
9 (RLIN) 51489
700 ## - PUNTO DE ACCESO ADICIONAL--NOMBRE DE PERSONA
Nombre Personal Yahuaire Huamán, Cledey
9 (RLIN) 51490
700 ## - PUNTO DE ACCESO ADICIONAL--NOMBRE DE PERSONA
Nombre Personal Bustamante Gamarra, Moisés
9 (RLIN) 51491
942 ## - ELEMENTOS DE PUNTO DE ACCESO ADICIONAL (KOHA)
Fuente de clasificación
Tipo de item Libros-BMC
945 ## - PROCESAMIENTO DE INFORMACIÓN LOCAL (OCLC)
Catalogador pbjr
AAAA-MM-DD - Fecha de ingreso o modificacion 03-09-2025
Holdings
Estado de retiro (separado) Fuente de clasificación o esquema de estanterías Estado dañado Ubicación Sala donde se ubica Nombre de la colección Fecha de adquisición o compra Fuente de adquisición Costo, precio normal en soles Signatura topográfica Código de Barras Última vez visto (Koha) Tipo de ítem (Koha)
No     Sala Humanidades Sala Humanidades Book Cart 2025-09-03 Depósito legal 20.00 372.985613 / C41 SH0000017001 2025-09-03 Libros-BMC

Powered by Koha